ბათუმის შოთა რუსთაველის სახელმწიფო უნივერსიტეტის ბიბლიოთეკა

მათემატიკური ლოგიკა ყველასათვის / (ბიბ.ჩანაწერი № 38551)

000 -ლიდერი
ფიქსირებული სიგრძის საკონტროლო ველი 01218nam a2200229Ia 4500
001 - საკონტროლო ნომერი
საკონტროლო ველი 4652
003 - საკონტროლო ნომრის იდენტიფიკატორი
საკონტროლო ველი GE_BSU
005 - ბოლო ოპერაციის თარიღი და დრო
საკონტროლო ველი 20190527180717.0
008 - ფიქსირებული სიგრძის მონაცემთა ელემენტები - ზოგადი ინფორმაცია
ფიქსირებული სიგრძის საკონტროლო ველი 181216s2004||||ge |||||||||||||| ||geo||
040 ## - კატალოგიზაციის წყარო
Transcribing agency GE_BSU
041 ## - ენის კოდი
Language code of text/sound track or separate title geo
080 ## - უნივერსალური ათობითი კლასიფიკაციის ინდექსი
Universal Decimal Classification number 510.2 ნ–69
100 ## - მთავარი ჩანაწერი - პიროვნების სახელი
Personal name ნიჟარაძე, ნუგზარ
9 (RLIN) 1660
245 ## - ცნობა სათაურის შესახებ
Title მათემატიკური ლოგიკა ყველასათვის /
Statement of responsibility, etc ნუგზარ ნიჟარაძე ; ტექნ. რედ.: ეკა ჩხარტიშვილი ; ზურაბ კალანდარიშვილი ; მანუჩარ დევაძე.
264 ## - წარმოების, გამოცემის, დისტრიბუციის და სხვა ცნობები
გამოცემის, წარმოების, დისტრიბუციის... ადგილი ბათუმი,
გამოცემის, წარმოების, დისტრიბუციის... თარიღი 2004.
300 ## - ფიზიკური აღწერა
Extent 235 გვ .:
Dimensions 20 სმ.
653 ## - INDEX TERM--UNCONTROLLED
Uncontrolled term მათემატიკური ლოგიკა
700 ## - ADDED ENTRY--PERSONAL NAME
Personal name ჩხარტიშვილი, ეკა
Relator term ტექნიკური რედაქტორი
9 (RLIN) 1661
700 ## - ADDED ENTRY--PERSONAL NAME
Personal name კალანდარიშვილი, ზურაბ
Relator term ტექნიკური რედაქტორი
9 (RLIN) 1662
700 ## - ADDED ENTRY--PERSONAL NAME
Personal name დევაძე, მანუჩარ
Relator term ტექნიკური რედაქტორი
9 (RLIN) 1663
942 ## - ADDED ENTRY ELEMENTS (KOHA)
Koha item type წიგნი
Source of classification or shelving scheme
ეგზემპლარები
ჩამოწერის სტატუსი დაკარგული ეგზემპლარის სტატუსი კლასიფიკაციის წყარო ან თაროზე გაწყობის სქემა დაზიანების სტატუსი არ გაიცემა მუდმივი მდებარეობა (დაცვის ადგილი) ამჟამინდელი ადგილსამყოფელი თაროზე განთავსების ადგილი შეძენის თარიღი ღირებულება, შესყიდვის ნორმალური ფასი სრული შენახვის შიფრი შტრიხკოდი ბოლო ოპერაციის თარიღი ეგზემპლარის მიმდევრობითი ნომერი (კეტერი?) ფასის ძალაში შესვლის თარიღი ეგზემპლარის სახეობა საჯარო შენიშვნა
          ტექნოლოგიური ფაკულტეტის ბიბლიოთეკა ტექნოლოგიური ფაკულტეტის ბიბლიოთეკა წიგნსაცავი 2018-12-17 12.00 510.2 ნ–69 9141 2018-12-17 9141 2018-12-17 წიგნი 12 ლ.
          ტექნოლოგიური ფაკულტეტის ბიბლიოთეკა ტექნოლოგიური ფაკულტეტის ბიბლიოთეკა წიგნსაცავი 2018-12-17 12.00 510.2 ნ–69 9140 2018-12-17 9140 2018-12-17 წიგნი 12 ლ.
          ტექნოლოგიური ფაკულტეტის ბიბლიოთეკა ტექნოლოგიური ფაკულტეტის ბიბლიოთეკა წიგნსაცავი 2018-12-17 12.00 510.2 ნ–69 9139 2018-12-17 9139 2018-12-17 წიგნი 12 ლ.
          ტექნოლოგიური ფაკულტეტის ბიბლიოთეკა ტექნოლოგიური ფაკულტეტის ბიბლიოთეკა წიგნსაცავი 2018-12-17 12.00 510.2 ნ–69 9138 2018-12-17 9138 2018-12-17 წიგნი 12 ლ.
          ტექნოლოგიური ფაკულტეტის ბიბლიოთეკა ტექნოლოგიური ფაკულტეტის ბიბლიოთეკა წიგნსაცავი 2018-12-17 12.00 510.2 ნ–69 9137 2018-12-17 9137 2018-12-17 წიგნი 12 ლ.
          ტექნოლოგიური ფაკულტეტის ბიბლიოთეკა ტექნოლოგიური ფაკულტეტის ბიბლიოთეკა წიგნსაცავი 2018-12-17 12.00 510.2 ნ–69 9136 2018-12-17 9136 2018-12-17 წიგნი 12 ლ.
          ტექნოლოგიური ფაკულტეტის ბიბლიოთეკა ტექნოლოგიური ფაკულტეტის ბიბლიოთეკა წიგნსაცავი 2018-12-17 12.00 510.2 ნ–69 9135 2018-12-17 9135 2018-12-17 წიგნი 12 ლ.
          ტექნოლოგიური ფაკულტეტის ბიბლიოთეკა ტექნოლოგიური ფაკულტეტის ბიბლიოთეკა წიგნსაცავი 2018-12-17 12.00 510.2 ნ–69 9142 2018-12-17 9142 2018-12-17 წიგნი 12 ლ.
          ტექნოლოგიური ფაკულტეტის ბიბლიოთეკა ტექნოლოგიური ფაკულტეტის ბიბლიოთეკა წიგნსაცავი 2018-12-17 12.00 510.2 ნ–69 9143 2018-12-17 9143 2018-12-17 წიგნი 12 ლ.